Der Diskurs der Organtransplantation in David Wagners "Leben" und in den Dankesbriefen von Organempfängern [abstract] /

Elmentve itt :
Bibliográfiai részletek
Szerző: Lelkes Csaba
Testületi szerző: Országos Tudományos Diákköri Konferencia (37.)
További közreműködők: Wagner David
Dokumentumtípus: Könyv része
Megjelent: Szegedi Tudományegyetem Bölcsészet- és Társadalomtudományi Kar Szeged 2025
Sorozat:Országos Tudományos Diákköri Konferencia : Humán Tudományi Szekció
Kulcsszavak:Német irodalom története - 21. sz. - előadáskivonat, Műelemzés - előadáskivonat, Regényelemzés - előadáskivonat, Szervátültetés ábrázolása - irodalmi - 21. sz. - előadáskivonat
Tárgyszavak:
Online Access:http://acta.bibl.u-szeged.hu/87612
LEADER 01160naa a2200229 i 4500
001 acta87612
005 20250529134859.0
008 250529s2025 hu o 100 ger d
020 |a 978-963-688-043-9 
040 |a SZTE Egyetemi Kiadványok Repozitórium  |b hun 
041 |a ger 
100 1 |a Lelkes Csaba 
245 1 4 |a Der Diskurs der Organtransplantation in David Wagners "Leben" und in den Dankesbriefen von Organempfängern   |h [elektronikus dokumentum] :  |b [abstract] /  |c  Lelkes Csaba 
260 |a Szegedi Tudományegyetem Bölcsészet- és Társadalomtudományi Kar  |b Szeged  |c 2025 
300 |a 253 
490 0 |a Országos Tudományos Diákköri Konferencia : Humán Tudományi Szekció 
650 4 |a Bölcsészettudományok 
650 4 |a Nyelvek és irodalom 
695 |a Német irodalom története - 21. sz. - előadáskivonat, Műelemzés - előadáskivonat, Regényelemzés - előadáskivonat, Szervátültetés ábrázolása - irodalmi - 21. sz. - előadáskivonat 
700 0 1 |a Wagner David 
710 |a Országos Tudományos Diákköri Konferencia (37.)  |c Szeged 
856 4 0 |u http://acta.bibl.u-szeged.hu/87612/1/otdk_2025_human_253.pdf  |z Dokumentum-elérés